| 000 | 00374nam a2200133Ia 4500 | ||
|---|---|---|---|
| 001 | 1280 | ||
| 008 | 241024s9999 xx 000 0 und d | ||
| 082 | _a371.1/J12m | ||
| 100 | _aJabif, Liliana | ||
| 245 | 0 | _aModulos de formación en competencias para la gestión escolar en contexto de pobreza | |
| 260 |
_bUNESCO _c2004 |
||
| 901 | _a11/3/2011 9:01:25 a.m. | ||
| 999 |
_c10963 _d10963 |
||